000 00430nam a2200169Ia 4500
003 GCL
008 140319s9999 xx 000 0 eng d
040 _aGCL /
_cGCL
082 0 4 _a658.406
_bF M
100 1 _aFARNHAM, DAVID
245 1 0 _aMANAGING THE NEW PUBLIC SERVICES /
_cFARNHAM, DAVID
700 1 _aHORTON, SYLVIA
260 _a[S.N] :
_bMACMILLAN ،
_c1993
300 _a282 P
650 0 4 _aMANAGEMENT
942 _2ddc
_cBK
999 _c21389
_d21389